| 000 | 01111cam a22003255a 4500 | ||
|---|---|---|---|
| 001 | 11799312 | ||
| 005 | 20150617111313.0 | ||
| 006 | a||||f ||z 00| 0 | ||
| 008 | 131112t2014 inua fr 001 0 eng d | ||
| 020 | _a0672336839 | ||
| 020 | _a9780672336836 | ||
| 040 |
_aUMI _beng _cUMI _dEG-ScBUE |
||
| 082 | 0 | 4 |
_a006.696 _bROY _222 |
| 100 | 1 |
_aRoy, Kenny. _938166 |
|
| 245 | 1 | 0 |
_aSams teach yourself Maya in 24 hours / _cKenny Roy, Fiona Rivera. |
| 246 | 3 | 0 | _aTeach yourself Maya in 24 hours |
| 246 | 3 | 0 | _aSams teach yourself Maya in twenty-four hours |
| 260 |
_aIndianapolis : _bSams / Pearson Education, _cc.2014. |
||
| 300 |
_axvi, 486 p. : _bill. (col.) ; _c24 cm. + _e1 CD-ROM (4 3/4 in.) |
||
| 500 | _aIndex : p.469-486. | ||
| 500 | _a"Full color, learn how to create impressive 3D imagery!" -- On cover. | ||
| 630 | 0 | 0 |
_aMaya (Computer file) _911248 _2BUEsh |
| 650 | 0 |
_aComputer animation. _2BUEsh |
|
| 650 | 0 |
_aWeb sites _xDesign. _2BUEsh |
|
| 651 | _2BUEsh | ||
| 653 |
_bCOMAME _bCOMSCI _cJune2015 |
||
| 655 |
_vreading book _934232 |
||
| 700 | 1 | _aRivera, Fiona. | |
| 942 |
_2ddc _k006.696 ROY |
||
| 999 |
_c19636 _d19608 |
||